Ekonomická analýza výsledkov volieb do NR SR v r. 2010 bakalárska práca
Uložené v:
| Hlavný autor: | |
|---|---|
| Korporativný autor: | |
| Ďalší autori: | |
| Médium: | Kniha |
| Jazyk: | Slovak |
| Vydavateľské údaje: |
Košice
2012
|
| Tagy: |
Žiadne tagy, Buďte prvý, kto otaguje tento záznam!
|
MARC
| LEADER | 00000nbm a2200000 4500 | ||
|---|---|---|---|
| 001 | 0155552 | ||
| 005 | 20161109111859.9 | ||
| 041 | 0 | |a slo | |
| 044 | |a SK | ||
| 245 | 1 | 0 | |a Ekonomická analýza výsledkov volieb do NR SR v r. 2010 |b bakalárska práca |c Adriana Ganajová ; školiteľ: Štefan Lyócsa |
| 264 | 1 | |a Košice |c 2012 | |
| 300 | |a 45 s. | ||
| 100 | 1 | |a Ganajová, Adriana | |
| 700 | 1 | |a Lyócsa, Štefan, 1982- | |
| 710 | 2 | |a Podnikovohospodárska fakulta EU so sídlom v Košiciach. Katedra hospodárskej informatiky a matematiky | |